Cambio de rumbo en el cono sur: crisis y oportunidades
Salvato in:
| Autori principali: | , , , , |
|---|---|
| Natura: | Libro |
| Lingua: | spagnolo |
| Pubblicazione: |
Caracas
Nueva Sociedad
1994
|
| Soggetti: | |
| Tags: |
Aggiungi Tag
Nessun Tag, puoi essere il primo ad aggiungerne!!
|
MARC
| LEADER | 00000nam a2200000 a 4500 | ||
|---|---|---|---|
| 001 | UCY6828 | ||
| 003 | CL-VaPUC | ||
| 008 | 950602e19940000VE |||||||||||||||||spa|d | ||
| 082 | 0 | 4 | |a 337 |b HUR |2 21 |
| 100 | 0 | |a Hurtienne, Thomas |e author |9 336900 | |
| 700 | 0 | |a Marmora, Leopoldo |e author |9 336901 | |
| 700 | 0 | |a Messner, Dirk |e author |9 336902 | |
| 700 | 0 | |a Muller-Plamtenberg, Urs |e author |9 336903 | |
| 700 | 0 | |a Tupper, Barbara |e author |9 336904 | |
| 245 | 1 | 0 | |a Cambio de rumbo en el cono sur: crisis y oportunidades |
| 300 | |a 371 p | ||
| 942 | |c BK | ||
| 945 | |d 19950602 00:00:00 |a rbrito | ||
| 260 | |a Caracas |b Nueva Sociedad |c 1994 | ||
| 600 | 0 | 7 | |a CEPAL |2 CL-VaPUC |9 336905 |
| 650 | 0 | |a Economía internacional |9 258254 | |
| 650 | 7 | |a ECONOMIA MUNDIAL |2 CL-VaPUC |9 336906 | |
| 650 | 0 | |a Democracia |9 255256 | |
| 651 | 7 | |a CHILE |2 CL-VaPUC |9 336907 | |
| 651 | 0 | |a Argentina |9 254888 | |
| 651 | 0 | |a Uruguay |9 255194 | |
| 583 | |a last modification |c 19950602 00:00:00 |k Rodrigo Vera | ||
| 999 | |c 234326 |d 234324 | ||
| 952 | |0 0 |1 0 |4 0 |6 337_000000000000000_HUR_1994 |7 0 |8 A |9 240483 |a BIBHIS |b BIBHIS |d 2019-11-18 |i 3089223 |o 337 HUR 1994 |p 3089223 |r 2025-01-20 |w 2019-11-18 |y BK |k HIS | ||
| 952 | |0 0 |1 0 |4 0 |6 337_000000000000000_HUR_1994 |7 0 |8 A |9 240484 |a BIBGIM |b BIBGIM |d 2019-11-18 |i 3090604 |o 337 HUR 1994 |p 3090604 |r 2025-01-15 |w 2019-11-18 |y BK |k SSL | ||
| 952 | |0 0 |1 0 |4 0 |6 337_000000000000000_HUR_1994 |7 0 |8 A |9 240485 |a BIBGIM |b BIBGIM |d 2019-11-18 |i 3090612 |o 337 HUR 1994 |p 3090612 |r 2025-01-15 |w 2019-11-18 |y BK |k SSL | ||